<?xml version="1.0" encoding="UTF-8"?>
<record
    xmlns:xsi="http://www.w3.org/2001/XMLSchema-instance"
    xsi:schemaLocation="http://www.loc.gov/MARC21/slim http://www.loc.gov/standards/marcxml/schema/MARC21slim.xsd"
    xmlns="http://www.loc.gov/MARC21/slim">

  <leader>00715nam a22001337a 4500</leader>
  <datafield tag="040" ind1=" " ind2=" ">
    <subfield code="c">RUA</subfield>
  </datafield>
  <datafield tag="082" ind1=" " ind2=" ">
    <subfield code="a">VEM CHH 2015 B534 Or.1</subfield>
  </datafield>
  <datafield tag="100" ind1=" " ind2=" ">
    <subfield code="a">CHHOM MITHONA; &#x1786;&#x17C4;&#x1798; &#x1798;&#x17B7;&#x1790;&#x17BB;&#x1793;&#x17B6;</subfield>
  </datafield>
  <datafield tag="245" ind1=" " ind2=" ">
    <subfield code="a">Study on situation of cattle raising and service of village animal health worker in phnom srouch ditrict, kompong speu province, &#x179F;&#x17B7;&#x1780;&#x17D2;&#x179F;&#x17B6;&#x179B;&#x17BE;&#x179F;&#x17D2;&#x1790;&#x17B6;&#x1793;&#x1797;&#x17B6;&#x1796;&#x1785;&#x17B7;&#x1789;&#x17D2;&#x1785;&#x17B9;&#x1798;&#x1782;&#x17C4; &#x1793;&#x17B7;&#x1784;&#x179F;&#x17C1;&#x179C;&#x17B6;&#x1780;&#x1798;&#x17D2;&#x1798;&#x1797;&#x17D2;&#x1793;&#x17B6;&#x1780;&#x17CB;&#x1784;&#x17B6;&#x179A; &#x179F;&#x17BB;&#x1781;&#x1797;&#x17B6;&#x1796;&#x179F;&#x178F;&#x17D2;&#x179C;&#x1797;&#x17BC;&#x1798;&#x17B7;&#x1793;&#x17C5;&#x179F;&#x17D2;&#x179A;&#x17BB;&#x1780;&#x1797;&#x17D2;&#x1793;&#x17C6;&#x179F;&#x17D2;&#x179A;&#x17BD;&#x1785; &#x1781;&#x17C1;&#x178F;&#x17D2;&#x178F;&#x1780;&#x17C6;&#x1796;&#x1784;&#x17CB;&#x179F;&#x17D2;&#x1796;&#x17BA;</subfield>
  </datafield>
  <datafield tag="260" ind1=" " ind2=" ">
    <subfield code="a">Phnom Penh</subfield>
    <subfield code="b">CHH</subfield>
    <subfield code="c">2015</subfield>
  </datafield>
  <datafield tag="300" ind1=" " ind2=" ">
    <subfield code="a">ix,45p.</subfield>
    <subfield code="b">ill.</subfield>
    <subfield code="c">29cm.</subfield>
  </datafield>
  <datafield tag="856" ind1=" " ind2=" ">
    <subfield code="u">CHHOM MITHONA</subfield>
  </datafield>
  <datafield tag="942" ind1=" " ind2=" ">
    <subfield code="c">VEM</subfield>
  </datafield>
  <datafield tag="999" ind1=" " ind2=" ">
    <subfield code="c">10870</subfield>
    <subfield code="d">10870</subfield>
  </datafield>
  <datafield tag="952" ind1=" " ind2=" ">
    <subfield code="0">0</subfield>
    <subfield code="1">0</subfield>
    <subfield code="2">ddc</subfield>
    <subfield code="4">0</subfield>
    <subfield code="6">VEM_CHH_2015_000000000000000_B534_OR_1</subfield>
    <subfield code="7">0</subfield>
    <subfield code="9">57081</subfield>
    <subfield code="a">LBB</subfield>
    <subfield code="b">LBB</subfield>
    <subfield code="c">B534</subfield>
    <subfield code="d">2016-11-23</subfield>
    <subfield code="o">VEM CHH 2015 B534 Or.1</subfield>
    <subfield code="p">A04322</subfield>
    <subfield code="r">2016-11-23</subfield>
    <subfield code="w">2016-11-23</subfield>
    <subfield code="y">VEM</subfield>
  </datafield>
  <datafield tag="952" ind1=" " ind2=" ">
    <subfield code="0">0</subfield>
    <subfield code="1">0</subfield>
    <subfield code="2">ddc</subfield>
    <subfield code="4">0</subfield>
    <subfield code="6">VEM_CHH_2015_000000000000000_B534_OR_2</subfield>
    <subfield code="7">0</subfield>
    <subfield code="9">57082</subfield>
    <subfield code="a">LBB</subfield>
    <subfield code="b">LBB</subfield>
    <subfield code="c">B534</subfield>
    <subfield code="d">2016-11-23</subfield>
    <subfield code="o">VEM CHH 2015 B534 Or.2</subfield>
    <subfield code="p">A04402</subfield>
    <subfield code="r">2016-11-23</subfield>
    <subfield code="w">2016-11-23</subfield>
    <subfield code="y">VEM</subfield>
  </datafield>
  <datafield tag="952" ind1=" " ind2=" ">
    <subfield code="0">0</subfield>
    <subfield code="1">0</subfield>
    <subfield code="2">ddc</subfield>
    <subfield code="4">0</subfield>
    <subfield code="6">VEM_CHH_2015_000000000000000_B534_OR_3</subfield>
    <subfield code="7">0</subfield>
    <subfield code="9">57083</subfield>
    <subfield code="a">LBB</subfield>
    <subfield code="b">LBB</subfield>
    <subfield code="c">B534</subfield>
    <subfield code="d">2016-11-23</subfield>
    <subfield code="o">VEM CHH 2015 B534 Or.3</subfield>
    <subfield code="p">A04376</subfield>
    <subfield code="r">2016-11-23</subfield>
    <subfield code="w">2016-11-23</subfield>
    <subfield code="y">VEM</subfield>
  </datafield>
  <datafield tag="952" ind1=" " ind2=" ">
    <subfield code="0">0</subfield>
    <subfield code="1">0</subfield>
    <subfield code="2">ddc</subfield>
    <subfield code="4">0</subfield>
    <subfield code="6">VEM_CHH_2015_000000000000000_B534_OR_4</subfield>
    <subfield code="7">0</subfield>
    <subfield code="9">57084</subfield>
    <subfield code="a">LBB</subfield>
    <subfield code="b">LBB</subfield>
    <subfield code="c">B534</subfield>
    <subfield code="d">2016-11-23</subfield>
    <subfield code="o">VEM CHH 2015 B534 Or.4</subfield>
    <subfield code="p">A04163</subfield>
    <subfield code="r">2016-11-23</subfield>
    <subfield code="w">2016-11-23</subfield>
    <subfield code="y">VEM</subfield>
  </datafield>
  <datafield tag="952" ind1=" " ind2=" ">
    <subfield code="0">0</subfield>
    <subfield code="1">0</subfield>
    <subfield code="2">ddc</subfield>
    <subfield code="4">0</subfield>
    <subfield code="6">VEM_CHH_2015_000000000000000_B534_OR_5</subfield>
    <subfield code="7">0</subfield>
    <subfield code="9">57085</subfield>
    <subfield code="a">LBB</subfield>
    <subfield code="b">LBB</subfield>
    <subfield code="c">B534</subfield>
    <subfield code="d">2016-11-23</subfield>
    <subfield code="o">VEM CHH 2015 B534 Or.5</subfield>
    <subfield code="p">A04238</subfield>
    <subfield code="r">2016-11-23</subfield>
    <subfield code="w">2016-11-23</subfield>
    <subfield code="y">VEM</subfield>
  </datafield>
  <datafield tag="952" ind1=" " ind2=" ">
    <subfield code="0">0</subfield>
    <subfield code="1">0</subfield>
    <subfield code="2">ddc</subfield>
    <subfield code="4">0</subfield>
    <subfield code="6">VEM_CHH_2015_000000000000000_B534_OR_6</subfield>
    <subfield code="7">0</subfield>
    <subfield code="9">57086</subfield>
    <subfield code="a">LBB</subfield>
    <subfield code="b">LBB</subfield>
    <subfield code="c">B534</subfield>
    <subfield code="d">2016-11-23</subfield>
    <subfield code="o">VEM CHH 2015 B534 Or.6</subfield>
    <subfield code="p">A04088</subfield>
    <subfield code="r">2016-11-23</subfield>
    <subfield code="w">2016-11-23</subfield>
    <subfield code="y">VEM</subfield>
  </datafield>
  <datafield tag="952" ind1=" " ind2=" ">
    <subfield code="0">0</subfield>
    <subfield code="1">0</subfield>
    <subfield code="2">ddc</subfield>
    <subfield code="4">0</subfield>
    <subfield code="6">VEM_CHH_2015_000000000000000_B534_OR_7</subfield>
    <subfield code="7">0</subfield>
    <subfield code="9">57087</subfield>
    <subfield code="a">LBB</subfield>
    <subfield code="b">LBB</subfield>
    <subfield code="c">B534</subfield>
    <subfield code="d">2016-11-23</subfield>
    <subfield code="o">VEM CHH 2015 B534 Or.7</subfield>
    <subfield code="p">A04407</subfield>
    <subfield code="r">2016-11-23</subfield>
    <subfield code="w">2016-11-23</subfield>
    <subfield code="y">VEM</subfield>
  </datafield>
  <datafield tag="952" ind1=" " ind2=" ">
    <subfield code="0">0</subfield>
    <subfield code="1">0</subfield>
    <subfield code="2">ddc</subfield>
    <subfield code="4">0</subfield>
    <subfield code="6">VEM_CHH_2015_000000000000000_B534_OR_8</subfield>
    <subfield code="7">0</subfield>
    <subfield code="9">57088</subfield>
    <subfield code="a">LBB</subfield>
    <subfield code="b">LBB</subfield>
    <subfield code="c">B534</subfield>
    <subfield code="d">2016-11-23</subfield>
    <subfield code="l">1</subfield>
    <subfield code="o">VEM CHH 2015 B534 Or.8</subfield>
    <subfield code="p">A00554</subfield>
    <subfield code="r">2018-07-13</subfield>
    <subfield code="s">2018-06-20</subfield>
    <subfield code="w">2016-11-23</subfield>
    <subfield code="y">VEM</subfield>
  </datafield>
</record>
